00360nam a2200133Ia 4500003000400000005001700004008004100021040001800062041000800080100005200088245004400140260002000184710002200204OSt20260310114102.0211028s2012 xx 000 0 und d cAIMIT LIBRARY aeng aShetty, Rashmi S; Vijayakumar, Suchetha.g91721 aSales and inventory management system / aMangalorec2012 aCegonsoft Pvt Ltd